000 00499nam a2200145 a 4500
050 0 0 _aTX531
_b.C63 1992
245 0 4 _aThe Contamination of food /
_c[editor, Hazel Clarke].
260 _aNairobi, Kenya :
_bUnited Nations Environment Programme,
_cc1992.
300 _a36 p. :
500 _aCover title.
500 _a"Text based on the UNEP/FAO/WHO publication 'Assessment of chemical contaminants in food'"--T.p. verso.
650 0 _v1. Contamination of food.
700 1 _aClarke, Hazel.
942 _cGEN
999 _c490
_d490